[Event "NB I. Maroczy csoport"]
[Site "Berente"]
[Date "2024.05.12"]
[Round "11.8"]
[White "Paal, Andras"]
[Black "Pesztericz, Laszlo"]
[Result "1-0"]
[WhiteElo "1998"]
[BlackElo "2064"]
[PlyCount "69"]
[EventDate "2023.10.08"]
[EventType "team-tourn"]
[EventRounds "11"]
[EventCountry "HUN"]
[Source "chess.hu"]
[WhiteTeam "Pitypalatty Sakk SE"]
[BlackTeam "Vasas SC"]
[WhiteTeamCountry "HUN"]
[BlackTeamCountry "HUN"]

1. Nc3 e5 2. e4 Nf6 3. Nf3 Nc6 4. d4 exd4 5. Nxd4 Bb4 6. Nxc6 bxc6 7. Bd3 d5 8.
exd5 cxd5 9. O-O O-O 10. Bg5 c6 11. Qf3 Be7 12. Rfe1 h6 13. Bd2 Be6 14. h3 Rb8
15. b3 d4 16. Ne2 Bd5 17. Qg3 Bd6 18. Qh4 c5 19. Ng3 Nh7 20. Qxd8 Rfxd8 21. Nf5
Bf8 22. Ne7+ Kh8 23. Bf4 Rb7 24. Nxd5 Rxd5 25. Be4 Rbd7 26. Bxd5 Rxd5 27. Re8
Kg8 28. Rae1 Nf6 29. Ra8 Rd7 30. Re5 Nd5 31. Bg3 Nf6 32. Rxc5 d3 33. cxd3 Rxd3
34. Rcc8 Nh7 35. Rd8 1-0

[Event "NB I. Maroczy csoport"]
[Site "Berente"]
[Date "2024.05.12"]
[Round "11.9"]
[White "Gyurkovics, Miklos"]
[Black "Mizik, Zsolt"]
[Result "0-1"]
[WhiteElo "1960"]
[BlackElo "2007"]
[PlyCount "128"]
[EventDate "2023.10.08"]
[EventType "team-tourn"]
[EventRounds "11"]
[EventCountry "HUN"]
[Source "chess.hu"]
[WhiteTeam "Vasas SC"]
[BlackTeam "Pitypalatty Sakk SE"]
[WhiteTeamCountry "HUN"]
[BlackTeamCountry "HUN"]

1. Nf3 d5 2. g3 Nf6 3. Bg2 e6 4. O-O Be7 5. d3 O-O 6. Nbd2 c5 7. e4 Nc6 8. e5
Nd7 9. Re1 Qc7 10. Qe2 b6 11. Nf1 Ba6 12. Bf4 Rac8 13. a3 Rfd8 14. h4 Nf8 15.
h5 h6 16. N3h2 Nh7 17. Qd2 Bf8 18. Ng4 Qe7 19. c3 Na5 20. Qc2 d4 21. c4 b5 22.
b3 Rb8 23. Rab1 Qc7 24. cxb5 Rxb5 25. b4 Nc6 26. Nd2 Nb8 27. a4 Rb6 28. b5 Bb7
29. Ne4 Bd5 30. a5 Rb7 31. a6 Rb6 32. Bd2 Nd7 33. Ba5 Rdb8 34. f4 Qc8 35. Bxb6
Rxb6 36. Nd6 Bxd6 37. Bxd5 exd5 38. exd6 Rxd6 39. Ne5 Nxe5 40. Rxe5 Nf6 41. Qg2
Rb6 42. Re7 Qb8 43. Rb7 Rxb7 44. axb7 Qxb7 45. Qf3 Qd7 46. b6 axb6 47. Rxb6 Qc7
48. Rb5 c4 49. dxc4 Qxc4 50. Rb8+ Kh7 51. Rb1 Ne4 52. Qg4 Nd6 53. f5 Qc8 54.
Rf1 Ne4 55. Qf3 Nd2 56. Qd3 Nxf1 57. f6+ Kg8 58. Qxf1 Qg4 59. Kg2 Qxh5 60. fxg7
Kxg7 61. Qf4 Qe2+ 62. Kh3 Qe4 63. Qc1 d3 64. Kh2 d4 0-1

[Event "NB I. Maroczy csoport"]
[Site "Berente"]
[Date "2024.05.12"]
[Round "11.10"]
[White "Farkas, Csaba"]
[Black "Szabo, Kristof"]
[Result "0-1"]
[WhiteElo "1992"]
[BlackElo "2105"]
[PlyCount "66"]
[EventDate "2023.10.08"]
[EventType "team-tourn"]
[EventRounds "11"]
[EventCountry "HUN"]
[Source "chess.hu"]
[WhiteTeam "Pitypalatty Sakk SE"]
[BlackTeam "Vasas SC"]
[WhiteTeamCountry "HUN"]
[BlackTeamCountry "HUN"]

1. d4 d6 2. c4 Nf6 3. Nc3 g6 4. e4 Bg7 5. Nf3 O-O 6. Be2 Nbd7 7. O-O e5 8. d5
h6 9. Ne1 Nc5 10. Qc2 a5 11. b3 Nh7 12. Be3 b6 13. Nd3 f5 14. f3 Nxd3 15. Qxd3
f4 16. Bf2 g5 17. a3 Rf6 18. b4 h5 19. c5 bxc5 20. bxc5 Rg6 21. Rac1 g4 22.
fxg4 hxg4 23. Kh1 Qg5 24. g3 f3 25. Be3 fxe2 26. Bxg5 exf1=Q+ 27. Rxf1 Nxg5 28.
Qb5 Ba6 29. Qxa5 Bxf1 30. Qxa8+ Kh7 31. Kg1 Rf6 32. Qe8 Nh3+ 33. Kh1 Bg2+ 0-1

[Event "NB I. Maroczy csoport"]
[Site "Berente"]
[Date "2024.05.12"]
[Round "11.11"]
[White "Kis, Bela"]
[Black "Beres, Istvan"]
[Result "1/2-1/2"]
[WhiteElo "1898"]
[BlackElo "1926"]
[PlyCount "42"]
[EventDate "2023.10.08"]
[EventType "team-tourn"]
[EventRounds "11"]
[EventCountry "HUN"]
[Source "chess.hu"]
[WhiteTeam "Vasas SC"]
[BlackTeam "Pitypalatty Sakk SE"]
[WhiteTeamCountry "HUN"]
[BlackTeamCountry "HUN"]

1. d4 d6 2. e4 Nf6 3. Nc3 g6 4. Nf3 Bg7 5. Bc4 O-O 6. Bb3 Bg4 7. Be3 Nc6 8. h3
Bxf3 9. Qxf3 e5 10. dxe5 Nxe5 11. Qe2 Re8 12. O-O Ned7 13. Rad1 Nxe4 14. Nxe4
Rxe4 15. Qf3 Rh4 16. Qxf7+ Kh8 17. Qd5 Qc8 18. Bd4 Bxd4 19. Rxd4 Rh5 20. Qc4
Rc5 21. Qd3 Qf8 1/2-1/2

[Event "NB II. Asztalos csoport"]
[Site "Nagyatad"]
[Date "2023.10.08"]
[Round "1.2"]
[White "Matko, Ognjen"]
[Black "Remenyi, Szilard"]
[Result "1-0"]
[WhiteElo "2257"]
[BlackElo "2006"]
[PlyCount "35"]
[EventDate "2023.10.08"]
[EventType "team-tourn"]
[EventRounds "9"]
[EventCountry "HUN"]
[Source "chess.hu"]
[WhiteTeam "Sakk Egylet Nagyatad"]
[BlackTeam "Racalmas-Kiralysakk "]
[WhiteTeamCountry "HUN"]
[BlackTeamCountry "HUN"]

1. e4 c5 2. Nf3 g6 3. c3 d5 4. exd5 Qxd5 5. d4 Nc6 6. Na3 Bg4 7. Be3 Bxf3 8.
gxf3 cxd4 9. Nb5 Rc8 10. Nxd4 a6 11. Qa4 Nf6 12. Bh3 e6 13. O-O-O Qa5 14. Qb3
Nxd4 15. Bxd4 Bg7 16. Bxe6 Rc7 17. Bb6 Qg5+ 18. Kb1 1-0

[Event "NB II. Asztalos csoport"]
[Site "Nagyatad"]
[Date "2023.10.08"]
[Round "1.4"]
[White "Horvath, Attila"]
[Black "Remenyi, Lajos Jr"]
[Result "1-0"]
[WhiteElo "2119"]
[BlackElo "1968"]
[PlyCount "49"]
[EventDate "2023.10.08"]
[EventType "team-tourn"]
[EventRounds "9"]
[EventCountry "HUN"]
[Source "chess.hu"]
[WhiteTeam "Sakk Egylet Nagyatad"]
[BlackTeam "Racalmas-Kiralysakk "]
[WhiteTeamCountry "HUN"]
[BlackTeamCountry "HUN"]

1. d4 Nf6 2. Nc3 d5 3. Bf4 e6 4. e3 c5 5. Nb5 Na6 6. c3 Be7 7. a4 O-O 8. Nf3
Bd7 9. Ne5 c4 10. Nxd7 Qxd7 11. Be2 Ne4 12. O-O Rfc8 13. Bf3 Nd6 14. Bxd6 Bxd6
15. e4 Nc7 16. exd5 Nxd5 17. Nxd6 Qxd6 18. g3 a5 19. Re1 Ra6 20. Re5 Rb6 21.
Qe2 Nf6 22. Rxa5 Rb3 23. Rb5 Rxb5 24. axb5 b6 25. Ra4 1-0

[Event "NB II. Asztalos csoport"]
[Site "Nagyatad"]
[Date "2023.10.08"]
[Round "1.5"]
[White "Mohacsi, Andras J"]
[Black "Molnar, Aurel Jr"]
[Result "1/2-1/2"]
[WhiteElo "2095"]
[BlackElo "2081"]
[PlyCount "58"]
[EventDate "2023.10.08"]
[EventType "team-tourn"]
[EventRounds "9"]
[EventCountry "HUN"]
[Source "chess.hu"]
[WhiteTeam "Racalmas-Kiralysakk "]
[BlackTeam "Sakk Egylet Nagyatad"]
[WhiteTeamCountry "HUN"]
[BlackTeamCountry "HUN"]

1. e4 c5 2. Nf3 e6 3. d4 cxd4 4. Nxd4 Nf6 5. Bd3 Nc6 6. Nxc6 bxc6 7. O-O e5 8.
Qe2 Bc5 9. Nc3 a5 10. Na4 Ba7 11. c4 d6 12. h3 O-O 13. Bg5 h6 14. Bh4 g5 15.
Bg3 Nd7 16. Rfd1 Nc5 17. Bc2 Qe7 18. Nxc5 Bxc5 19. Ba4 Ra6 20. Kh1 Rb6 21. f3
Be6 22. b3 Bd4 23. Rac1 c5 24. Be1 Ra8 25. Bb5 Kg7 26. g4 h5 27. Kg2 hxg4 28.
hxg4 Rbb8 29. Bg3 Rh8 1/2-1/2

[Event "NB II. Asztalos csoport"]
[Site "Nagyatad"]
[Date "2023.10.08"]
[Round "1.6"]
[White "Molnar, Aurel"]
[Black "Zelenak, Donat"]
[Result "1-0"]
[WhiteElo "2195"]
[BlackElo "1887"]
[PlyCount "65"]
[EventDate "2023.10.08"]
[EventType "team-tourn"]
[EventRounds "9"]
[EventCountry "HUN"]
[Source "chess.hu"]
[WhiteTeam "Sakk Egylet Nagyatad"]
[BlackTeam "Racalmas-Kiralysakk "]
[WhiteTeamCountry "HUN"]
[BlackTeamCountry "HUN"]

1. d4 Nf6 2. c4 g6 3. Nc3 Bg7 4. e4 d6 5. f3 O-O 6. Be3 Nbd7 7. Qd2 c6 8. Nge2
Qa5 9. Nc1 a6 10. Be2 Rd8 11. O-O e5 12. d5 cxd5 13. cxd5 Nc5 14. Rb1 Qc7 15.
b4 Ncd7 16. Nb3 b6 17. Rfc1 Qb8 18. Na4 b5 19. Nb2 Bb7 20. Na5 Ne8 21. a4 Nc7
22. Rc2 bxa4 23. Rbc1 Rc8 24. Nxa4 Nb5 25. Nc6 Bxc6 26. dxc6 Nf8 27. Bxb5 axb5
28. Nb6 Ne6 29. Nxa8 Qxa8 30. Ra2 Qb8 31. Qd5 Nd4 32. c7 Qb6 33. Ra8 1-0

[Event "NB II. Asztalos csoport"]
[Site "Nagyatad"]
[Date "2023.10.08"]
[Round "1.7"]
[White "Zsigmond, Karoly"]
[Black "Konig, Balazs"]
[Result "0-1"]
[WhiteElo "1872"]
[BlackElo "2106"]
[PlyCount "50"]
[EventDate "2023.10.08"]
[EventType "team-tourn"]
[EventRounds "9"]
[EventCountry "HUN"]
[Source "chess.hu"]
[WhiteTeam "Racalmas-Kiralysakk "]
[BlackTeam "Sakk Egylet Nagyatad"]
[WhiteTeamCountry "HUN"]
[BlackTeamCountry "HUN"]

1. d4 Nf6 2. Nf3 c5 3. d5 g6 4. c4 b5 5. Nbd2 Bg7 6. e4 d6 7. cxb5 a6 8. Be2
O-O 9. bxa6 Qa5 10. O-O Bxa6 11. Nc4 Bxc4 12. Bxc4 Nxe4 13. Re1 Nf6 14. Rxe7
Nbd7 15. Bd2 Qd8 16. Re2 Nb6 17. Qb3 Qc7 18. Rd1 Rfb8 19. Qd3 Nxc4 20. Qxc4
Rxb2 21. Rde1 Rbxa2 22. Re7 Qd8 23. g3 R2a4 24. Qb5 Ra1 25. Bf4 Qxe7 0-1

[Event "NB II. Asztalos csoport"]
[Site "Nagyatad"]
[Date "2023.10.08"]
[Round "1.8"]
[White "Szijarto, Attila"]
[Black "Szabo, Levente"]
[Result "0-1"]
[WhiteElo "1950"]
[BlackElo "1859"]
[PlyCount "62"]
[EventDate "2023.10.08"]
[EventType "team-tourn"]
[EventRounds "9"]
[EventCountry "HUN"]
[Source "chess.hu"]
[WhiteTeam "Sakk Egylet Nagyatad"]
[BlackTeam "Racalmas-Kiralysakk "]
[WhiteTeamCountry "HUN"]
[BlackTeamCountry "HUN"]

1. e4 c6 2. d4 d5 3. e5 c5 4. dxc5 Qa5+ 5. Nc3 e6 6. Qg4 Qxc5 7. Be3 Qb4 8. Bd4
Nh6 9. Qd1 Nf5 10. Nf3 Nxd4 11. Qxd4 Qxd4 12. Nxd4 Bb4 13. Ndb5 Na6 14. O-O-O
Bxc3 15. Nd6+ Ke7 16. bxc3 Nc5 17. c4 dxc4 18. Bxc4 Bd7 19. f4 Bc6 20. f5 Ne4
21. Rhe1 Nc3 22. Rd3 Nd5 23. Red1 Rhd8 24. fxe6 fxe6 25. Rf1 Rf8 26. Rdf3 Rxf3
27. Rxf3 Rf8 28. Rg3 Rg8 29. h4 Nf4 30. Nf5+ exf5 31. Bxg8 Ne2+ 0-1

[Event "NB II. Asztalos csoport"]
[Site "Nagyatad"]
[Date "2023.10.08"]
[Round "1.9"]
[White "Csordas, Peter"]
[Black "Szijarto, Andras"]
[Result "0-1"]
[WhiteElo "1807"]
[BlackElo "2067"]
[PlyCount "96"]
[EventDate "2023.10.08"]
[EventType "team-tourn"]
[EventRounds "9"]
[EventCountry "HUN"]
[Source "chess.hu"]
[WhiteTeam "Racalmas-Kiralysakk "]
[BlackTeam "Sakk Egylet Nagyatad"]
[WhiteTeamCountry "HUN"]
[BlackTeamCountry "HUN"]

1. e4 e6 2. Nc3 d5 3. f3 d4 4. Nce2 c5 5. d3 Nc6 6. f4 e5 7. Nf3 Bd6 8. g3 Bg4
9. Bg2 exf4 10. Bxf4 Bxf4 11. Nxf4 Nf6 12. Qd2 Qc7 13. a3 Ne5 14. Nxe5 Qxe5 15.
O-O O-O 16. Rae1 b6 17. h3 Bd7 18. g4 Rae8 19. Rf3 Bc6 20. Qf2 Qd6 21. Rg3 Nd7
22. Rf1 f6 23. Rd1 Re7 24. Bf1 Rfe8 25. Rg2 Ba4 26. b3 Bc6 27. Nh5 g6 28. Nf4
Kh8 29. Rg3 Rg8 30. Bg2 Reg7 31. Re1 Ne5 32. a4 Bd7 33. Bf1 f5 34. g5 fxe4 35.
dxe4 Rf8 36. Qd2 Rgf7 37. Nd5 Nf3+ 38. Rxf3 Rxf3 39. Bg2 Qg3 40. Nf6 Bxh3 41.
Re2 Bxg2 42. Rxg2 Qf4 43. Qe2 h6 44. Qb5 Qc1+ 45. Kh2 Rf1 46. Qd7 Rh1+ 47. Kg3
Qxg5+ 48. Ng4 Qf4# 0-1

[Event "NB II. Asztalos csoport"]
[Site "Nagyatad"]
[Date "2023.10.08"]
[Round "1.10"]
[White "Ferencz, Miklos"]
[Black "Szabo, Levente Jr"]
[Result "1/2-1/2"]
[WhiteElo "2020"]
[BlackElo "1795"]
[PlyCount "22"]
[EventDate "2023.10.08"]
[EventType "team-tourn"]
[EventRounds "9"]
[EventCountry "HUN"]
[Source "chess.hu"]
[WhiteTeam "Sakk Egylet Nagyatad"]
[BlackTeam "Racalmas-Kiralysakk "]
[WhiteTeamCountry "HUN"]
[BlackTeamCountry "HUN"]

1. e4 d5 2. exd5 Nf6 3. Bb5+ Bd7 4. Bc4 Bg4 5. f3 Bf5 6. Nc3 c6 7. d4 cxd5 8.
Bb3 e6 9. Nge2 Bd6 10. Be3 a6 11. Qd2 Nc6 1/2-1/2

[Event "NB II. Asztalos csoport"]
[Site "Nagyatad"]
[Date "2023.10.08"]
[Round "1.11"]
[White "Radics, Nora"]
[Black "Szarka, Rego"]
[Result "1-0"]
[WhiteElo "1680"]
[BlackElo "1308"]
[PlyCount "53"]
[EventDate "2023.10.08"]
[EventType "team-tourn"]
[EventRounds "9"]
[EventCountry "HUN"]
[Source "chess.hu"]
[WhiteTeam "Racalmas-Kiralysakk "]
[BlackTeam "Sakk Egylet Nagyatad"]
[WhiteTeamCountry "HUN"]
[BlackTeamCountry "HUN"]

1. d4 d5 2. f4 Nf6 3. Nf3 Bf5 4. e3 e6 5. Bd3 Bg6 6. Ne5 Nbd7 7. Nxg6 hxg6 8.
Nd2 c5 9. c3 cxd4 10. exd4 Nh5 11. Nf3 Bd6 12. O-O Nxf4 13. Bb5 f6 14. Bxf4
Bxf4 15. Qe2 Ke7 16. Bxd7 Kxd7 17. Rae1 Qe8 18. Qb5+ Kc7 19. Qc5+ Kd8 20. g3
Bc7 21. Re2 Qd7 22. Rfe1 Bd6 23. Qa5+ b6 24. Qa6 Ke7 25. Rxe6+ Qxe6 26. Qb7+
Kd8 27. Rxe6 1-0

[Event "NB II. Asztalos csoport"]
[Site "Nagyatad"]
[Date "2023.10.08"]
[Round "1.12"]
[White "Gyorkos, Krisztina"]
[Black "Kortelyesi, Richard"]
[Result "0-1"]
[WhiteElo "1412"]
[BlackElo "1455"]
[PlyCount "85"]
[EventDate "2023.10.08"]
[EventType "team-tourn"]
[EventRounds "9"]
[EventCountry "HUN"]
[Source "chess.hu"]
[WhiteTeam "Sakk Egylet Nagyatad"]
[BlackTeam "Racalmas-Kiralysakk "]
[WhiteTeamCountry "HUN"]
[BlackTeamCountry "HUN"]

1. e4 c5 2. Nf3 d6 3. Bc4 Nf6 4. Nc3 g6 5. d4 cxd4 6. Nxd4 Bg7 7. O-O O-O 8.
Qd3 Nc6 9. Nf3 a6 10. Bf4 b5 11. Bb3 Na5 12. Rfd1 Nxb3 13. axb3 Bb7 14. Ng5 h6
15. Nf3 Kh7 16. Rd2 b4 17. Nd5 Nxd5 18. exd5 Bxb2 19. Rb1 Bc3 20. Re2 a5 21.
Nd4 Ba6 22. Nb5 Rb8 23. Qh3 Bxb5 24. Qxh6+ Kg8 25. Re3 Bg7 26. Qh4 e5 27. Bg5
f6 28. Rh3 Kf7 29. Rf3 Rh8 30. Qg4 Bd7 31. Qc4 Rc8 32. Qa6 Ke7 33. Be3 Rxc2 34.
Qd3 Rc3 35. Qxg6 Qf8 36. h3 Bh6 37. g4 Bxe3 38. fxe3 Qh6 39. Qe4 Rhc8 40. Kg2
Be8 41. g5 Qxg5+ 42. Rg3 Rc2+ 43. Kg1 0-1

[Event "NB II. Asztalos csoport"]
[Site "Kalocsa"]
[Date "2023.10.08"]
[Round "1.2"]
[White "Ruppaner, Janos"]
[Black "Hrubos, Viktor"]
[Result "1-0"]
[WhiteElo "2038"]
[BlackElo "1923"]
[PlyCount "97"]
[EventDate "2023.10.08"]
[EventType "team-tourn"]
[EventRounds "9"]
[EventCountry "HUN"]
[Source "chess.hu"]
[WhiteTeam "Kalocsai SK"]
[BlackTeam "Karmin PSSE"]
[WhiteTeamCountry "HUN"]
[BlackTeamCountry "HUN"]

1. c3 d6 2. Na3 e5 3. Nc2 Nd7 4. d3 Ngf6 5. e3 Be7 6. h3 c6 7. g3 a5 8. Bg2 Qc7
9. Ne2 b6 10. Kf1 Ba6 11. f4 Nc5 12. Ne1 e4 13. d4 Nd3 14. Kg1 d5 15. g4 Nd7
16. h4 Rg8 17. g5 f6 18. Bh3 fxg5 19. hxg5 Nf8 20. Bf5 h6 21. gxh6 gxh6+ 22.
Ng2 Qd6 23. Rh2 Qf6 24. Bh3 Qg7 25. Qf1 Ng6 26. Kh1 Kd8 27. Be6 Rf8 28. b3 Kc7
29. c4 dxc4 30. Bxc4 b5 31. Be6 Bd6 32. Bd2 b4 33. Rh5 Qe7 34. Bh3 Rg8 35. Be1
Kb6 36. Bg3 Raf8 37. Bh2 Qf7 38. Rf5 Qe8 39. Rxf8 Rxf8 40. Qg1 Rg8 41. Ng3 Be7
42. Bf5 Bh4 43. Bxg6 Bxg3 44. Bxe8 Nf2+ 45. Qxf2 Bxf2 46. Bf7 Rg7 47. Bc4 Bc8
48. Rf1 Bg3 49. f5 1-0

[Event "NB II. Asztalos csoport"]
[Site "Kalocsa"]
[Date "2023.10.08"]
[Round "1.3"]
[White "Varga, Zsolt"]
[Black "Molnar, Krisztian"]
[Result "0-1"]
[WhiteElo "1913"]
[BlackElo "1960"]
[PlyCount "96"]
[EventDate "2023.10.08"]
[EventType "team-tourn"]
[EventRounds "9"]
[EventCountry "HUN"]
[Source "chess.hu"]
[WhiteTeam "Karmin PSSE"]
[BlackTeam "Kalocsai SK"]
[WhiteTeamCountry "HUN"]
[BlackTeamCountry "HUN"]

1. e4 e6 2. Nf3 d5 3. exd5 exd5 4. d4 Nf6 5. Be2 Bd6 6. Bg5 Nbd7 7. O-O c6 8.
c4 dxc4 9. Bxc4 O-O 10. Nc3 Qc7 11. Bh4 Nb6 12. Bb3 Nbd5 13. Nxd5 Nxd5 14. Bxd5
cxd5 15. Qb3 Qc4 16. Qe3 Bf5 17. b3 Qd3 18. Rfe1 f6 19. Qxd3 Bxd3 20. Bg3 Bb4
21. Re3 Be4 22. a3 Ba5 23. Bd6 Rfe8 24. b4 Bb6 25. Bc5 Bc7 26. b5 Bf4 27. Rb3
b6 28. Bb4 Rac8 29. Ne1 Rc4 30. Rd1 Rec8 31. f3 Bg6 32. g3 Bc1 33. Kg2 Kf7 34.
h4 h5 35. Kh3 Bf5+ 36. Kg2 g5 37. hxg5 fxg5 38. Bd6 Ke6 39. Bb4 h4 40. Rxc1
Rxc1 41. Re3+ Kf6 42. gxh4 gxh4 43. Be7+ Kg6 44. Bxh4 R8c3 45. Re5 Rxa3 46.
Rxd5 Re3 47. Re5 Rxe5 48. dxe5 Rb1 0-1

[Event "NB II. Asztalos csoport"]
[Site "Kalocsa"]
[Date "2023.10.08"]
[Round "1.4"]
[White "Nagy, Imre"]
[Black "Mitric, Milutin"]
[Result "1/2-1/2"]
[WhiteElo "2127"]
[BlackElo "1755"]
[PlyCount "21"]
[EventDate "2023.10.08"]
[EventType "team-tourn"]
[EventRounds "9"]
[EventCountry "HUN"]
[Source "chess.hu"]
[WhiteTeam "Kalocsai SK"]
[BlackTeam "Karmin PSSE"]
[WhiteTeamCountry "HUN"]
[BlackTeamCountry "HUN"]

1. e4 d6 2. d4 Nf6 3. Nc3 c6 4. h3 Qa5 5. Bd2 Qb6 6. Nf3 Nbd7 7. Na4 Qc7 8. Bd3
e5 9. O-O Be7 10. Nc3 O-O 11. Bg5 1/2-1/2

[Event "NB II. Asztalos csoport"]
[Site "Kalocsa"]
[Date "2023.10.08"]
[Round "1.5"]
[White "Feher, Laszlo"]
[Black "Lukacs, Albert"]
[Result "0-1"]
[WhiteElo "1693"]
[BlackElo "1927"]
[PlyCount "65"]
[EventDate "2023.10.08"]
[EventType "team-tourn"]
[EventRounds "9"]
[EventCountry "HUN"]
[Source "chess.hu"]
[WhiteTeam "Karmin PSSE"]
[BlackTeam "Kalocsai SK"]
[WhiteTeamCountry "HUN"]
[BlackTeamCountry "HUN"]

1. e4 c5 2. d4 cxd4 3. c3 d3 4. Bxd3 Nc6 5. Nf3 d6 6. h3 g6 7. Be3 Bg7 8. Nbd2
Nf6 9. Nf1 Qc7 10. Qd2 h6 11. g4 Nd7 12. Rg1 Nde5 13. Nxe5 Nxe5 14. Be2 Nc4 15.
Bxc4 Qxc4 16. Bd4 e5 17. Be3 Qxe4 18. Qxd6 Be6 19. O-O-O Bf8 20. Nd2 Bxd6 21.
Nxe4 Be7 22. b3 b6 23. f4 f6 24. Nd6+ Bxd6 25. Rxd6 Ke7 26. fxe5 fxe5 27. Rgd1
Rac8 28. Kb2 g5 29. a4 Rc7 30. a5 bxa5 31. Ra6 Rb8 32. Bd2 Bxb3 33. Re1 0-1

[Event "NB II. Asztalos csoport"]
[Site "Kalocsa"]
[Date "2023.10.08"]
[Round "1.6"]
[White "Matota, Kornel Dr"]
[Black "Nagy, Peter"]
[Result "1-0"]
[WhiteElo "1896"]
[BlackElo "1716"]
[PlyCount "103"]
[EventDate "2023.10.08"]
[EventType "team-tourn"]
[EventRounds "9"]
[EventCountry "HUN"]
[Source "chess.hu"]
[WhiteTeam "Kalocsai SK"]
[BlackTeam "Karmin PSSE"]
[WhiteTeamCountry "HUN"]
[BlackTeamCountry "HUN"]

1. d4 Nf6 2. Nf3 e6 3. c4 Bb4+ 4. Bd2 c5 5. Bxb4 cxb4 6. e3 O-O 7. Bd3 b6 8.
O-O Bb7 9. Nbd2 d5 10. Ne5 Nc6 11. Ndf3 Qd6 12. Rc1 Nd7 13. cxd5 Ncxe5 14. dxe5
Nxe5 15. Nxe5 Qxe5 16. dxe6 Qxe6 17. Bb1 g6 18. Qd4 Qd5 19. Qxd5 Bxd5 20. Rfd1
Rfd8 21. Rd4 Be6 22. Rxb4 Rd2 23. Kf1 Rad8 24. Ke1 h5 25. Be4 Bg4 26. Bf3 Bxf3
27. gxf3 R2d5 28. f4 Kg7 29. Rc7 Rd1+ 30. Ke2 R8d2+ 31. Kf3 Rf1 32. Rxa7 Rfxf2+
33. Ke4 Rxb2 34. Rxb2 Rxb2 35. h4 Rb5 36. a3 Rb3 37. Kd4 Kf6 38. Ke4 Ke6 39.
Ra6 Kd6 40. Kd4 Kc6 41. Ra7 Kb5 42. a4+ Kb4 43. Ra6 Ka3 44. a5 Rb4+ 45. Kd3
bxa5 46. Rxa5+ Ra4 47. Rxa4+ Kxa4 48. Kd4 f6 49. e4 Kb5 50. e5 fxe5+ 51. Kxe5
Kc5 52. Kf6 1-0

[Event "NB II. Asztalos csoport"]
[Site "Kalocsa"]
[Date "2023.10.08"]
[Round "1.7"]
[White "Pinter, Szabolcs Peter"]
[Black "Bartuszek, Andras"]
[Result "1/2-1/2"]
[WhiteElo "1608"]
[BlackElo "1782"]
[PlyCount "109"]
[EventDate "2023.10.08"]
[EventType "team-tourn"]
[EventRounds "9"]
[EventCountry "HUN"]
[Source "chess.hu"]
[WhiteTeam "Karmin PSSE"]
[BlackTeam "Kalocsai SK"]
[WhiteTeamCountry "HUN"]
[BlackTeamCountry "HUN"]

1. c4 Nf6 2. Nc3 d5 3. e3 e6 4. Nf3 c6 5. b3 Be7 6. Be2 dxc4 7. bxc4 Na6 8. O-O
O-O 9. Rb1 Qc7 10. d4 b6 11. Qc2 Bb7 12. Ne4 c5 13. Nxf6+ Bxf6 14. Bb2 Nb4 15.
Qb3 Be4 16. dxc5 bxc5 17. Bxf6 gxf6 18. Rb2 Rab8 19. Qc3 e5 20. a3 Nc6 21. Rxb8
Rxb8 22. Bd3 Bg6 23. Qc2 Rd8 24. Bxg6 fxg6 25. Rd1 e4 26. Rxd8+ Qxd8 27. Nd2 f5
28. h3 Ne5 29. Qa4 Qe7 30. Qb5 Kf7 31. Nb3 Nd3 32. Qc6 g5 33. Qh6 Kg8 34. Qc6
f4 35. Nd2 fxe3 36. fxe3 Qf7 37. Nxe4 Qxc4 38. Qe8+ Kg7 39. Qe7+ Qf7 40. Qxg5+
Qg6 41. Qxg6+ Kxg6 42. Kf1 Kf5 43. Nd6+ Ke5 44. Nb5 a6 45. Nc3 h5 46. g4 hxg4
47. hxg4 Nb2 48. Ke2 Nc4 49. a4 Nd6 50. Kd3 c4+ 51. Ke2 Nf7 52. Na2 a5 53. Nc3
Ng5 54. Kf2 Ne6 55. Ke2 1/2-1/2

[Event "NB II. Asztalos csoport"]
[Site "Kalocsa"]
[Date "2023.10.08"]
[Round "1.8"]
[White "Kenyeres, Zsolt"]
[Black "Dani, Ferenc"]
[Result "1/2-1/2"]
[WhiteElo "1480"]
[BlackElo "1597"]
[PlyCount "98"]
[EventDate "2023.10.08"]
[EventType "team-tourn"]
[EventRounds "9"]
[EventCountry "HUN"]
[Source "chess.hu"]
[WhiteTeam "Kalocsai SK"]
[BlackTeam "Karmin PSSE"]
[WhiteTeamCountry "HUN"]
[BlackTeamCountry "HUN"]

1. d4 Nf6 2. c4 e6 3. Nc3 c5 4. Bg5 Be7 5. e3 cxd4 6. exd4 d5 7. Nf3 a6 8. Be2
Nbd7 9. O-O b6 10. Ne5 O-O 11. Nc6 Qe8 12. Nxe7+ Qxe7 13. cxd5 Bb7 14. Bf3 exd5
15. Nxd5 Bxd5 16. Bxd5 Ra7 17. Bb3 Qd6 18. Rc1 h6 19. Be3 Nd5 20. Qd3 N7f6 21.
Qf5 Rd7 22. Qf3 Rdd8 23. Rc2 Nb4 24. Rc3 Nbd5 25. Rcc1 Nb4 26. a3 Nbd5 27. Rc2
Qd7 28. Rfc1 Qg4 29. Bxd5 Rxd5 30. Qxg4 Nxg4 31. Rc6 Rb5 32. R1c2 Nxe3 33. fxe3
Re8 34. Rc8 Kf8 35. Rxe8+ Kxe8 36. e4 Kd7 37. Kf2 Kd6 38. b4 a5 39. Rc4 f5 40.
Ke3 g5 41. g3 h5 42. e5+ Kd5 43. Rc8 axb4 44. Rd8+ Ke6 45. Rd6+ Ke7 46. axb4
Rxb4 47. d5 Re4+ 48. Kf3 Rxe5 49. Rxb6 Rxd5 1/2-1/2

[Event "NB II. Asztalos csoport"]
[Site "Szentlorinc"]
[Date "2023.10.08"]
[Round "1.1"]
[White "Papp, Tamas"]
[Black "Horvath, Gabor"]
[Result "1/2-1/2"]
[WhiteElo "2289"]
[BlackElo "2245"]
[PlyCount "43"]
[EventDate "2023.10.08"]
[EventType "team-tourn"]
[EventRounds "9"]
[EventCountry "HUN"]
[Source "chess.hu"]
[WhiteTeam "Decs 1990"]
[BlackTeam "Szentlorinc"]
[WhiteTeamCountry "HUN"]
[BlackTeamCountry "HUN"]

1. e4 e6 2. d4 d5 3. e5 c5 4. c3 Nc6 5. Nf3 Nge7 6. Bd3 cxd4 7. cxd4 Nf5 8.
Bxf5 exf5 9. O-O Be6 10. Qb3 Qd7 11. Bd2 Be7 12. a4 h6 13. Na3 g5 14. Nc2 f4
15. Nfe1 O-O 16. f3 f6 17. exf6 Bxf6 18. Bc3 Qg7 19. Kh1 Rad8 20. Rd1 b6 21.
Qb5 Ne7 22. Nd3 1/2-1/2

[Event "NB II. Asztalos csoport"]
[Site "Szentlorinc"]
[Date "2023.10.08"]
[Round "1.2"]
[White "Bihercz, Gabor"]
[Black "Taskovits, Istvan"]
[Result "1/2-1/2"]
[WhiteElo "2180"]
[BlackElo "2340"]
[PlyCount "71"]
[EventDate "2023.10.08"]
[EventType "team-tourn"]
[EventRounds "9"]
[EventCountry "HUN"]
[Source "chess.hu"]
[WhiteTeam "Szentlorinc"]
[BlackTeam "Decs 1990"]
[WhiteTeamCountry "HUN"]
[BlackTeamCountry "HUN"]

1. d4 d5 2. c4 e6 3. Nc3 Nf6 4. Nf3 Be7 5. e3 O-O 6. Bd3 dxc4 7. Bxc4 a6 8. O-O
b5 9. Bd3 Bb7 10. Qe2 c5 11. dxc5 Bxc5 12. e4 b4 13. Na4 Be7 14. e5 Nd5 15. Qe4
g6 16. Bh6 Re8 17. Rad1 Bc6 18. b3 Qa5 19. Qg4 Nd7 20. Be4 Rac8 21. h4 N5f6 22.
exf6 Nxf6 23. Qf4 Bxe4 24. Ne5 Bf5 25. g4 Bc2 26. Rd7 Bf5 27. gxf5 Nxd7 28.
Nxd7 Qxf5 29. Qxf5 exf5 30. Nab6 Rc6 31. Re1 Re6 32. Rxe6 fxe6 33. Bg5 Bxg5 34.
hxg5 Rd8 35. Kf1 h6 36. gxh6 1/2-1/2